[Event "English Open Championship 2024"]
[Site "Holiday Inn, 212 Abbey End, Kenilworth CV8 1ED, United Kingdom"]
[Date "2024.06.22"]
[Round "6.7"]
[White "Gormally, Daniel W"]
[Black "Badacsonyi, Frankie"]
[Result "1-0"]
[TimeControl "G90 + 30secs/move"]
[WhiteFideId "406465"]
[BlackFideId "460400"]
[WhiteElo "2421"]
[BlackElo "2204"]

1. d4 {[%clk 01:30:56]} {[%emt 00:00:02]} Nf6 {[%clk 01:30:47]} {[%emt
00:00:13]} 2. Nf3 {[%clk 01:31:19]} {[%emt 00:00:07]} d5 {[%clk 01:30:13]}
{[%emt 00:01:04]} 3. c4 {[%clk 01:31:42]} {[%emt 00:00:08]} e6 {[%clk
01:30:34]} {[%emt 00:00:08]} 4. Nc3 {[%clk 01:31:49]} {[%emt 00:00:24]} a6
{[%clk 01:29:54]} {[%emt 00:01:10]} 5. e3 {[%clk 01:30:26]} {[%emt 00:01:53]}
Nbd7 {[%clk 01:28:44]} {[%emt 00:01:40]} 6. a3 {[%clk 01:25:39]} {[%emt
00:05:17]} b6 {[%clk 01:24:17]} {[%emt 00:04:57]} 7. cxd5 {[%clk 01:20:06]}
{[%emt 00:06:03]} exd5 {[%clk 01:24:40]} {[%emt 00:00:07]} 8. Ne5 {[%clk
01:20:28]} {[%emt 00:00:08]} Bb7 {[%clk 01:21:46]} {[%emt 00:03:24]} 9. f4
{[%clk 01:20:46]} {[%emt 00:00:12]} Bd6 {[%clk 01:17:55]} {[%emt 00:04:21]} 10.
Bd3 {[%clk 01:20:24]} {[%emt 00:00:52]} Ne4 {[%clk 01:05:50]} {[%emt 00:12:35]}
11. Qg4 {[%clk 01:16:48]} {[%emt 00:04:05]} g6 {[%clk 01:00:46]} {[%emt
00:05:35]} 12. Nxe4 {[%clk 01:17:10]} {[%emt 00:00:08]} dxe4 {[%clk 01:01:11]}
{[%emt 00:00:04]} 13. Bc4 {[%clk 01:17:35]} {[%emt 00:00:05]} f5 {[%clk
00:59:48]} {[%emt 00:01:53]} 14. Qh3 {[%clk 01:13:45]} {[%emt 00:04:21]} Bxe5
{[%clk 00:53:41]} {[%emt 00:06:37]} 15. fxe5 {[%clk 01:11:47]} {[%emt
00:02:27]} Qe7 {[%clk 00:53:10]} {[%emt 00:01:02]} 16. Bd2 {[%clk 01:07:09]}
{[%emt 00:05:07]} O-O-O {[%clk 00:51:10]} {[%emt 00:02:30]} 17. Rc1 {[%clk
01:07:31]} {[%emt 00:00:08]} Kb8 {[%clk 00:50:34]} {[%emt 00:01:07]} 18. e6
{[%clk 01:03:23]} {[%emt 00:04:38]} Nf6 {[%clk 00:49:36]} {[%emt 00:01:27]} 19.
Bb4 {[%clk 01:03:46]} {[%emt 00:00:08]} c5 {[%clk 00:46:33]} {[%emt 00:03:33]}
20. dxc5 {[%clk 01:03:09]} {[%emt 00:01:07]} bxc5 {[%clk 00:46:56]} {[%emt
00:00:08]} 21. Ba5 {[%clk 00:57:42]} {[%emt 00:05:56]} Rc8 {[%clk 00:45:48]}
{[%emt 00:01:38]} 22. Rd1 {[%clk 00:53:55]} {[%emt 00:04:17]} Bc6 {[%clk
00:40:29]} {[%emt 00:05:49]} 23. Qg3+ {[%clk 00:50:10]} {[%emt 00:04:14]} Kb7
{[%clk 00:40:30]} {[%emt 00:00:29]} 24. O-O {[%clk 00:50:25]} {[%emt 00:00:16]}
Bb5 {[%clk 00:36:54]} {[%emt 00:04:06]} 25. Bxb5 {[%clk 00:50:02]} {[%emt
00:00:52]} axb5 {[%clk 00:37:23]} {[%emt 00:00:01]} 26. Rd6 {[%clk 00:50:25]}
{[%emt 00:00:08]} Rc6 {[%clk 00:33:41]} {[%emt 00:04:11]} 27. Rfd1 {[%clk
00:50:28]} {[%emt 00:00:28]} Rxd6 {[%clk 00:33:58]} {[%emt 00:00:13]} 28. Rxd6
{[%clk 00:49:19]} {[%emt 00:01:38]} Rc8 {[%clk 00:31:09]} {[%emt 00:03:19]} 29.
Qe5 {[%clk 00:38:41]} {[%emt 00:11:08]} Rc6 {[%clk 00:21:42]} {[%emt 00:09:58]}
30. Rd8 {[%clk 00:39:03]} {[%emt 00:00:08]} Rc8 {[%clk 00:21:30]} {[%emt
00:00:42]} 31. Rd7+ {[%clk 00:35:37]} {[%emt 00:03:55]} Nxd7 {[%clk 00:21:53]}
{[%emt 00:00:07]} 32. Qd5+ {[%clk 00:36:03]} {[%emt 00:00:04]} Kb8 {[%clk
00:20:32]} {[%emt 00:01:51]} 33. exd7 {[%clk 00:36:27]} {[%emt 00:00:07]} Rd8
{[%clk 00:20:54]} {[%emt 00:00:07]} 34. Bxd8 {[%clk 00:36:38]} {[%emt
00:00:19]} Qxd8 {[%clk 00:21:22]} {[%emt 00:00:02]} 35. Qc6 {[%clk 00:37:01]}
{[%emt 00:00:07]} b4 {[%clk 00:20:36]} {[%emt 00:01:16]} 36. a4 {[%clk
00:34:30]} {[%emt 00:03:01]} 1-0

[Event "English Open Championship 2024"]
[Site "Holiday Inn, 212 Abbey End, Kenilworth CV8 1ED, United Kingdom"]
[Date "2024.06.22"]
[Round "6.8"]
[White "Khoury, Theo"]
[Black "Derakhshani, Borna"]
[Result "1/2-1/2"]
[TimeControl "G90 + 30secs/move"]
[WhiteFideId "480703"]
[BlackFideId "12518450"]
[WhiteElo "2057"]
[BlackElo "2355"]

1. e4 {[%clk 01:30:59]} {[%emt 00:00:01]} c5 {[%clk 01:24:32]} {[%emt
00:06:29]} 2. Nf3 {[%clk 01:31:19]} {[%emt 00:00:08]} Nc6 {[%clk 01:24:43]}
{[%emt 00:00:19]} 3. d4 {[%clk 01:31:45]} {[%emt 00:00:05]} cxd4 {[%clk
01:25:09]} {[%emt 00:00:05]} 4. Nxd4 {[%clk 01:32:11]} {[%emt 00:00:04]} Nf6
{[%clk 01:25:33]} {[%emt 00:00:05]} 5. Nc3 {[%clk 01:32:36]} {[%emt 00:00:04]}
e5 {[%clk 01:25:59]} {[%emt 00:00:04]} 6. Ndb5 {[%clk 01:33:03]} {[%emt
00:00:04]} d6 {[%clk 01:26:23]} {[%emt 00:00:06]} 7. Bg5 {[%clk 01:33:30]}
{[%emt 00:00:02]} a6 {[%clk 01:26:47]} {[%emt 00:00:07]} 8. Na3 {[%clk
01:33:58]} {[%emt 00:00:02]} b5 {[%clk 01:27:06]} {[%emt 00:00:10]} 9. Nd5
{[%clk 01:34:26]} {[%emt 00:00:03]} Be7 {[%clk 01:27:29]} {[%emt 00:00:06]} 10.
Bxf6 {[%clk 01:34:53]} {[%emt 00:00:03]} Bxf6 {[%clk 01:27:52]} {[%emt
00:00:07]} 11. c3 {[%clk 01:35:21]} {[%emt 00:00:03]} Rb8 {[%clk 01:28:14]}
{[%emt 00:00:07]} 12. Nc2 {[%clk 01:35:47]} {[%emt 00:00:05]} Bg5 {[%clk
01:28:40]} {[%emt 00:00:04]} 13. a4 {[%clk 01:36:13]} {[%emt 00:00:05]} bxa4
{[%clk 01:28:56]} {[%emt 00:00:13]} 14. Ncb4 {[%clk 01:36:39]} {[%emt
00:00:04]} Nxb4 {[%clk 01:29:06]} {[%emt 00:00:20]} 15. cxb4 {[%clk 01:37:05]}
{[%emt 00:00:04]} O-O {[%clk 01:25:59]} {[%emt 00:03:36]} 16. Rxa4 {[%clk
01:37:25]} {[%emt 00:00:12]} a5 {[%clk 01:26:13]} {[%emt 00:00:15]} 17. b5
{[%clk 01:33:40]} {[%emt 00:04:15]} Bd7 {[%clk 01:26:25]} {[%emt 00:00:18]} 18.
Qb3 {[%clk 01:33:03]} {[%emt 00:01:06]} Qc8 {[%clk 01:19:15]} {[%emt 00:07:40]}
19. Nc3 {[%clk 01:31:32]} {[%emt 00:02:01]} Bd8 {[%clk 01:16:47]} {[%emt
00:02:56]} 20. Bc4 {[%clk 01:28:11]} {[%emt 00:03:53]} Bb6 {[%clk 01:14:21]}
{[%emt 00:02:55]} 21. O-O {[%clk 01:28:31]} {[%emt 00:00:12]} Qd8 {[%clk
01:13:53]} {[%emt 00:00:57]} 22. Nd5 {[%clk 01:25:21]} {[%emt 00:03:40]} Bc5
{[%clk 01:11:42]} {[%emt 00:02:41]} 23. Qd3 {[%clk 01:23:43]} {[%emt 00:02:08]}
Kh8 {[%clk 01:10:26]} {[%emt 00:01:46]} 24. Kh1 {[%clk 01:17:51]} {[%emt
00:06:21]} f5 {[%clk 01:09:40]} {[%emt 00:01:16]} 25. f3 {[%clk 01:18:17]}
{[%emt 00:00:05]} fxe4 {[%clk 01:05:54]} {[%emt 00:04:16]} 26. fxe4 {[%clk
01:18:35]} {[%emt 00:00:11]} Qh4 {[%clk 01:02:02]} {[%emt 00:04:22]} 27. Raa1
{[%clk 01:16:59]} {[%emt 00:02:07]} Bd4 {[%clk 00:43:37]} {[%emt 00:18:55]} 28.
Rxf8+ {[%clk 01:09:31]} {[%emt 00:07:58]} Rxf8 {[%clk 00:44:02]} {[%emt
00:00:05]} 29. Rf1 {[%clk 01:09:45]} {[%emt 00:00:15]} Rf2 {[%clk 00:37:13]}
{[%emt 00:07:20]} 30. Qe2 {[%clk 00:58:37]} {[%emt 00:11:38]} h6 {[%clk
00:30:05]} {[%emt 00:07:38]} 1/2-1/2

[Event "English Open Championship 2024"]
[Site "Holiday Inn, 212 Abbey End, Kenilworth CV8 1ED, United Kingdom"]
[Date "2024.06.22"]
[Round "6.9"]
[White "Jackson, James P"]
[Black "Bowcott-Terry, Finlay"]
[Result "1/2-1/2"]
[TimeControl "G90 + 30secs/move"]
[WhiteFideId "416860"]
[BlackFideId "449199"]
[WhiteElo "2358"]
[BlackElo "2132"]

1. c4 {[%clk 01:30:57]} {[%emt 00:00:02]} f5 {[%clk 01:30:56]} {[%emt
00:00:05]} 2. Nf3 {[%clk 01:30:44]} {[%emt 00:00:43]} Nf6 {[%clk 01:31:18]}
{[%emt 00:00:08]} 3. Nc3 {[%clk 01:30:35]} {[%emt 00:00:39]} e6 {[%clk
01:31:42]} {[%emt 00:00:06]} 4. g3 {[%clk 01:29:31]} {[%emt 00:01:33]} Be7
{[%clk 01:31:06]} {[%emt 00:01:06]} 5. Bg2 {[%clk 01:29:44]} {[%emt 00:00:18]}
O-O {[%clk 01:31:28]} {[%emt 00:00:07]} 6. O-O {[%clk 01:29:54]} {[%emt
00:00:20]} d6 {[%clk 01:31:53]} {[%emt 00:00:05]} 7. b4 {[%clk 01:27:41]}
{[%emt 00:02:44]} Ne4 {[%clk 01:30:20]} {[%emt 00:02:02]} 8. Nxe4 {[%clk
01:23:43]} {[%emt 00:04:28]} fxe4 {[%clk 01:30:21]} {[%emt 00:00:29]} 9. Ne1
{[%clk 01:24:08]} {[%emt 00:00:05]} d5 {[%clk 01:30:48]} {[%emt 00:00:04]} 10.
a3 {[%clk 01:22:37]} {[%emt 00:02:00]} Bf6 {[%clk 01:22:22]} {[%emt 00:08:55]}
11. Rb1 {[%clk 01:22:19]} {[%emt 00:00:48]} c6 {[%clk 01:22:38]} {[%emt
00:00:14]} 12. d3 {[%clk 01:19:04]} {[%emt 00:03:46]} exd3 {[%clk 01:22:24]}
{[%emt 00:00:44]} 13. Nxd3 {[%clk 01:18:13]} {[%emt 00:01:22]} Nd7 {[%clk
01:14:26]} {[%emt 00:08:27]} 14. cxd5 {[%clk 01:14:35]} {[%emt 00:04:08]} exd5
{[%clk 01:13:42]} {[%emt 00:01:13]} 15. b5 {[%clk 01:14:11]} {[%emt 00:00:54]}
Nb6 {[%clk 01:11:44]} {[%emt 00:02:29]} 16. a4 {[%clk 01:12:04]} {[%emt
00:02:38]} cxb5 {[%clk 00:49:24]} {[%emt 00:22:49]} 17. axb5 {[%clk 01:08:07]}
{[%emt 00:04:26]} Kh8 {[%clk 00:47:57]} {[%emt 00:01:58]} 18. Bb2 {[%clk
01:06:52]} {[%emt 00:01:45]} Bf5 {[%clk 00:47:12]} {[%emt 00:01:14]} 19. Bxf6
{[%clk 01:06:34]} {[%emt 00:00:49]} Qxf6 {[%clk 00:47:30]} {[%emt 00:00:12]} 20.
Ra1 {[%clk 01:05:19]} {[%emt 00:01:45]} Be4 {[%clk 00:42:51]} {[%emt 00:05:09]}
21. Nf4 {[%clk 01:04:41]} {[%emt 00:01:08]} Bxg2 {[%clk 00:42:52]} {[%emt
00:00:29]} 22. Kxg2 {[%clk 01:05:06]} {[%emt 00:00:05]} Qe5 {[%clk 00:40:20]}
{[%emt 00:03:01]} 23. Qd3 {[%clk 00:58:24]} {[%emt 00:07:13]} d4 {[%clk
00:37:11]} {[%emt 00:03:38]} 24. Rfd1 {[%clk 00:54:42]} {[%emt 00:04:12]} Rfd8
{[%clk 00:33:32]} {[%emt 00:04:09]} 25. e3 {[%clk 00:46:08]} {[%emt 00:09:05]}
Nd5 {[%clk 00:32:54]} {[%emt 00:01:08]} 26. Qxd4 {[%clk 00:45:17]} {[%emt
00:01:21]} Nxf4+ {[%clk 00:32:52]} {[%emt 00:00:31]} 27. Qxf4 {[%clk 00:45:42]}
{[%emt 00:00:05]} Qxb5 {[%clk 00:32:59]} {[%emt 00:00:23]} 28. Rxa7 {[%clk
00:44:51]} {[%emt 00:01:22]} Qc6+ {[%clk 00:32:28]} {[%emt 00:01:00]} 29. e4
{[%clk 00:44:20]} {[%emt 00:01:02]} Rac8 {[%clk 00:32:55]} {[%emt 00:00:02]} 30.
Rxd8+ {[%clk 00:42:26]} {[%emt 00:02:24]} Rxd8 {[%clk 00:33:23]} {[%emt
00:00:02]} 31. h4 {[%clk 00:42:02]} {[%emt 00:00:54]} h6 {[%clk 00:32:12]}
{[%emt 00:01:41]} 32. h5 {[%clk 00:35:57]} {[%emt 00:06:35]} Re8 {[%clk
00:31:39]} {[%emt 00:01:02]} 33. f3 {[%clk 00:36:22]} {[%emt 00:00:05]} Qc2+
{[%clk 00:31:37]} {[%emt 00:00:31]} 34. Kh3 {[%clk 00:36:44]} {[%emt 00:00:09]}
Qc5 {[%clk 00:31:01]} {[%emt 00:01:06]} 1/2-1/2

[Event "English Open Championship 2024"]
[Site "Holiday Inn, 212 Abbey End, Kenilworth CV8 1ED, United Kingdom"]
[Date "2024.06.22"]
[Round "6.10"]
[White "Carroll, Thomas"]
[Black "Watson, Jacob"]
[Result "1/2-1/2"]
[TimeControl "G90 + 30secs/move"]
[WhiteFideId "450111"]
[BlackFideId "445037"]
[WhiteElo "2107"]
[BlackElo "1883"]

1. d4 {[%clk 01:30:57]} {[%emt 00:00:02]} d5 {[%clk 01:30:52]} {[%emt
00:00:07]} 2. c4 {[%clk 01:31:23]} {[%emt 00:00:05]} dxc4 {[%clk 01:31:17]}
{[%emt 00:00:05]} 3. e4 {[%clk 01:31:28]} {[%emt 00:00:26]} e5 {[%clk
01:31:34]} {[%emt 00:00:13]} 4. Nf3 {[%clk 01:31:31]} {[%emt 00:00:27]} Bb4+
{[%clk 01:31:58]} {[%emt 00:00:06]} 5. Nc3 {[%clk 01:31:44]} {[%emt 00:00:17]}
exd4 {[%clk 01:31:22]} {[%emt 00:01:06]} 6. Nxd4 {[%clk 01:30:48]} {[%emt
00:01:26]} Nd7 {[%clk 01:30:52]} {[%emt 00:01:00]} 7. Bxc4 {[%clk 01:29:44]}
{[%emt 00:01:33]} Ngf6 {[%clk 01:30:43]} {[%emt 00:00:39]} 8. O-O {[%clk
01:20:04]} {[%emt 00:10:11]} Bxc3 {[%clk 01:26:50]} {[%emt 00:04:23]} 9. bxc3
{[%clk 01:19:58]} {[%emt 00:00:36]} O-O {[%clk 01:26:21]} {[%emt 00:00:59]} 10.
Ba3 {[%clk 01:16:31]} {[%emt 00:03:57]} c5 {[%clk 01:23:23]} {[%emt 00:03:28]}
11. Nf3 {[%clk 01:11:45]} {[%emt 00:05:15]} Qc7 {[%clk 01:14:46]} {[%emt
00:09:08]} 12. Re1 {[%clk 01:03:02]} {[%emt 00:09:14]} Ne5 {[%clk 01:11:59]}
{[%emt 00:03:16]} 13. Nxe5 {[%clk 00:57:59]} {[%emt 00:05:33]} Qxe5 {[%clk
01:12:23]} {[%emt 00:00:07]} 14. Qd2 {[%clk 00:54:55]} {[%emt 00:03:33]} Be6
{[%clk 01:06:00]} {[%emt 00:06:53]} 15. Bxe6 {[%clk 00:48:41]} {[%emt
00:06:44]} fxe6 {[%clk 01:05:20]} {[%emt 00:01:09]} 16. f4 {[%clk 00:39:58]}
{[%emt 00:09:13]} Qc7 {[%clk 01:04:01]} {[%emt 00:01:50]} 17. g3 {[%clk
00:36:29]} {[%emt 00:03:59]} b5 {[%clk 00:56:08]} {[%emt 00:08:23]} 18. c4
{[%clk 00:35:57]} {[%emt 00:01:02]} Rad8 {[%clk 00:54:24]} {[%emt 00:02:14]} 19.
Qe3 {[%clk 00:34:47]} {[%emt 00:01:39]} bxc4 {[%clk 00:51:30]} {[%emt
00:03:25]} 20. Qxc5 {[%clk 00:33:34]} {[%emt 00:01:44]} Qxc5+ {[%clk 00:50:53]}
{[%emt 00:01:06]} 21. Bxc5 {[%clk 00:33:58]} {[%emt 00:00:06]} Rf7 {[%clk
00:51:17]} {[%emt 00:00:04]} 22. e5 {[%clk 00:32:38]} {[%emt 00:01:51]} Nd5
{[%clk 00:51:28]} {[%emt 00:00:20]} 23. Rab1 {[%clk 00:28:43]} {[%emt
00:04:25]} Rc8 {[%clk 00:50:14]} {[%emt 00:01:44]} 24. Bd6 {[%clk 00:28:53]}
{[%emt 00:00:20]} c3 {[%clk 00:48:13]} {[%emt 00:02:31]} 25. Rec1 {[%clk
00:28:14]} {[%emt 00:01:08]} h6 {[%clk 00:43:52]} {[%emt 00:04:51]} 26. a4
{[%clk 00:26:06]} {[%emt 00:02:39]} 1/2-1/2

[Event "English Open Championship 2024"]
[Site "Holiday Inn, 212 Abbey End, Kenilworth CV8 1ED, United Kingdom"]
[Date "2024.06.22"]
[Round "6.11"]
[White "Mikalajunas, Kajus"]
[Black "Hobson, Kenneth"]
[Result "0-1"]
[TimeControl "G90 + 30secs/move"]
[WhiteFideId "483621"]
[BlackFideId "480819"]
[WhiteElo "1995"]
[BlackElo "2227"]

1. d4 {[%clk 01:30:35]} {[%emt 00:00:24]} Nf6 {[%clk 01:30:35]} {[%emt
00:00:25]} 2. c4 {[%clk 01:30:54]} {[%emt 00:00:11]} e6 {[%clk 01:30:47]}
{[%emt 00:00:18]} 3. Nc3 {[%clk 01:31:14]} {[%emt 00:00:10]} Bb4 {[%clk
01:30:47]} {[%emt 00:00:30]} 4. Bd2 {[%clk 01:31:35]} {[%emt 00:00:09]} O-O
{[%clk 01:30:05]} {[%emt 00:01:11]} 5. Nf3 {[%clk 01:31:49]} {[%emt 00:00:17]}
d5 {[%clk 01:30:00]} {[%emt 00:00:35]} 6. e3 {[%clk 01:32:03]} {[%emt
00:00:16]} b6 {[%clk 01:29:30]} {[%emt 00:01:00]} 7. cxd5 {[%clk 01:32:22]}
{[%emt 00:00:10]} exd5 {[%clk 01:29:55]} {[%emt 00:00:06]} 8. Bd3 {[%clk
01:32:36]} {[%emt 00:00:16]} c5 {[%clk 01:29:24]} {[%emt 00:01:02]} 9. a3
{[%clk 01:29:10]} {[%emt 00:03:55]} Bxc3 {[%clk 01:28:13]} {[%emt 00:01:41]} 10.
Bxc3 {[%clk 01:29:21]} {[%emt 00:00:19]} c4 {[%clk 01:27:33]} {[%emt 00:01:10]}
11. Bc2 {[%clk 01:29:20]} {[%emt 00:00:31]} Bg4 {[%clk 01:24:15]} {[%emt
00:03:48]} 12. Qd2 {[%clk 01:20:49]} {[%emt 00:09:01]} Bxf3 {[%clk 01:20:48]}
{[%emt 00:03:57]} 13. gxf3 {[%clk 01:21:16]} {[%emt 00:00:03]} Re8 {[%clk
01:17:12]} {[%emt 00:04:06]} 14. O-O-O {[%clk 01:17:41]} {[%emt 00:04:04]} b5
{[%clk 01:12:51]} {[%emt 00:04:53]} 15. Rhg1 {[%clk 01:17:51]} {[%emt
00:00:19]} a5 {[%clk 01:08:27]} {[%emt 00:04:54]} 16. e4 {[%clk 01:17:00]}
{[%emt 00:01:21]} b4 {[%clk 01:06:11]} {[%emt 00:02:46]} 17. e5 {[%clk
01:13:19]} {[%emt 00:04:11]} bxc3 {[%clk 00:48:50]} {[%emt 00:17:52]} 18. Qh6
{[%clk 00:48:41]} {[%emt 00:25:07]} g6 {[%clk 00:46:40]} {[%emt 00:02:40]} 19.
Bxg6 {[%clk 00:47:08]} {[%emt 00:02:04]} fxg6 {[%clk 00:41:16]} {[%emt
00:05:54]} 20. Rxg6+ {[%clk 00:47:21]} {[%emt 00:00:16]} hxg6 {[%clk 00:41:42]}
{[%emt 00:00:05]} 21. Qxg6+ {[%clk 00:45:13]} {[%emt 00:02:37]} Kh8 {[%clk
00:39:20]} {[%emt 00:02:52]} 22. exf6 {[%clk 00:44:08]} {[%emt 00:01:35]} cxb2+
{[%clk 00:37:40]} {[%emt 00:02:10]} 23. Kb1 {[%clk 00:43:23]} {[%emt 00:01:15]}
Ra7 {[%clk 00:37:49]} {[%emt 00:00:21]} 24. f7 {[%clk 00:34:23]} {[%emt
00:09:30]} Rxf7 {[%clk 00:37:41]} {[%emt 00:00:39]} 25. Qxf7 {[%clk 00:34:20]}
{[%emt 00:00:32]} Qe7 {[%clk 00:37:30]} {[%emt 00:00:41]} 26. Qf4 {[%clk
00:32:45]} {[%emt 00:02:06]} c3 {[%clk 00:36:48]} {[%emt 00:01:12]} 27. Ka2
{[%clk 00:32:23]} {[%emt 00:00:52]} c2 {[%clk 00:34:54]} {[%emt 00:02:24]} 28.
Qh6+ {[%clk 00:31:17]} {[%emt 00:01:36]} Qh7 {[%clk 00:35:17]} {[%emt
00:00:07]} 29. Qf6+ {[%clk 00:31:34]} {[%emt 00:00:12]} Qg7 {[%clk 00:35:42]}
{[%emt 00:00:05]} 30. Qxg7+ {[%clk 00:31:52]} {[%emt 00:00:12]} Kxg7 {[%clk
00:36:08]} {[%emt 00:00:04]} 31. Rg1+ {[%clk 00:32:12]} {[%emt 00:00:10]} Kf6
{[%clk 00:36:07]} {[%emt 00:00:32]} 32. Kxb2 {[%clk 00:32:33]} {[%emt
00:00:09]} Re2 {[%clk 00:35:07]} {[%emt 00:01:30]} 33. Kc3 {[%clk 00:25:57]}
{[%emt 00:07:05]} Rxf2 {[%clk 00:34:34]} {[%emt 00:01:04]} 34. h4 {[%clk
00:26:13]} {[%emt 00:00:14]} Nc6 {[%clk 00:33:39]} {[%emt 00:01:24]} 35. h5
{[%clk 00:26:24]} {[%emt 00:00:19]} Rxf3+ {[%clk 00:33:34]} {[%emt 00:00:36]}
36. Kxc2 {[%clk 00:26:33]} {[%emt 00:00:21]} Nxd4+ {[%clk 00:33:59]} {[%emt
00:00:05]} 37. Kb2 {[%clk 00:26:40]} {[%emt 00:00:23]} Rf2+ {[%clk 00:34:18]}
{[%emt 00:00:11]} 38. Kb1 {[%clk 00:26:39]} {[%emt 00:00:31]} Rh2 {[%clk
00:34:24]} {[%emt 00:00:24]} 39. Rg6+ {[%clk 00:25:44]} {[%emt 00:01:24]} Kf5
{[%clk 00:33:36]} {[%emt 00:01:18]} 40. Ra6 {[%clk 00:25:26]} {[%emt 00:00:48]}
Rxh5 {[%clk 00:33:50]} {[%emt 00:00:16]} 41. Rxa5 {[%clk 00:25:48]} {[%emt
00:00:09]} Ke4 {[%clk 00:33:54]} {[%emt 00:00:26]} 42. Ra8 {[%clk 00:24:01]}
{[%emt 00:02:17]} Kd3 {[%clk 00:33:24]} {[%emt 00:00:59]} 43. a4 {[%clk
00:24:24]} {[%emt 00:00:08]} Rh1+ {[%clk 00:33:12]} {[%emt 00:00:41]} 44. Kb2
{[%clk 00:24:43]} {[%emt 00:00:11]} Rh2+ {[%clk 00:33:27]} {[%emt 00:00:15]} 45.
Ka3 {[%clk 00:23:42]} {[%emt 00:01:32]} Nc2+ {[%clk 00:33:00]} {[%emt
00:00:57]} 46. Kb3 {[%clk 00:23:51]} {[%emt 00:00:21]} Rh7 {[%clk 00:32:35]}
{[%emt 00:00:55]} 47. a5 {[%clk 00:23:57]} {[%emt 00:00:24]} Rb7+ {[%clk
00:32:54]} {[%emt 00:00:11]} 48. Ka2 {[%clk 00:24:21]} {[%emt 00:00:06]} Rb5
{[%clk 00:32:05]} {[%emt 00:01:19]} 49. a6 {[%clk 00:24:35]} {[%emt 00:00:16]}
Kd2 {[%clk 00:32:10]} {[%emt 00:00:25]} 50. a7 {[%clk 00:22:43]} {[%emt
00:02:22]} Kc1 {[%clk 00:32:31]} {[%emt 00:00:08]} 51. Rb8 {[%clk 00:23:08]}
{[%emt 00:00:05]} Ra5+ {[%clk 00:32:58]} {[%emt 00:00:04]} 52. Kb3 {[%clk
00:23:32]} {[%emt 00:00:05]} Ra3# {[%clk 00:33:24]} {[%emt 00:00:04]} 0-1